| 000 | 01783nam a2200277 i 4500 | ||
|---|---|---|---|
| 003 | OSt | ||
| 005 | 20230626184938.0 | ||
| 007 | ta | ||
| 008 | 200421s2008 ck a gr 000 f spa d | ||
| 020 | _a9789583000508 | ||
| 040 |
_bspa _erda _cCO-MqBPB |
||
| 041 | 0 | _aspa | |
| 043 | _as-sp--- | ||
| 082 |
_aAN _bVALp |
||
| 100 | 1 |
_aValera, Juan _d1824-1905 _eautor _9218459 |
|
| 245 | 1 | 0 |
_aPepita Jiménez/ _cJuan Valera. |
| 250 | _aTercera edición | ||
| 264 | 1 |
_aBogotá, Colombia _bPanamericana, _c1996 |
|
| 300 |
_a276 páginas; _bTapa Rústica, _c20 cm. |
||
| 500 | _aPepita Jiménez hace parte de la tradición clásica española, fusionada con el romanticismo del siglo XIX. El autor, habla de la influencia de los místicos españoles de los siglos XVI y XVII, que al margen de su iluminado pensamiento le permiten a la novela expresarse en un lenguaje castizo, de estilo galante, en su forma y fondo, convirtiéndola en una de las creaciones más puras de la cultura española. Las sutilezas del espíritu y el crudo sentido del humor de la picaresca se conjugan magistralmente en la novela. La fuente platónica del amor provoca intensas pasiones en don Pedro y su hijo don Luis, atraídos ferozmente por la musa Pepita Jiménez, mujer humilde y bella, venida a menos por la muerte de su esposo. Lo esencial de la trama es la lucha entre el deseo obsesivo de posesión de la mujer amada y transformar esa fuerza en un método de conocimiento para ascender a los ámbitos celestes de la perfección espiritual. | ||
| 521 | _aRecomendado para un público mayor a 15 años | ||
| 650 | 1 | 7 |
_aNovela española _ySiglo XIX _2ARMARC _9218460 |
| 650 | 1 | 7 |
_aLiteratura española _ySiglo XIX _2ARMARC _9218461 |
| 650 | 1 | 7 |
_aNovela amorosa _xSiglo XIX _2ARMARC _9139217 |
| 942 |
_2ddc _cBKLIT |
||
| 999 |
_c14915 _d14915 |
||